[Event "Gibtelecom Festival 2010 - Challenger 2"]
[Site "Gibraltar ENG"]
[Date "2010.02.01"]
[Round "2.23"]
[White "Gandrud, Vegar Koi"]
[Black "Bauer, Peter"]
[Result "1-0"]
[WhiteElo "2158"]
[BlackElo "1944"]
[PlyCount "61"]
[EventDate "2010.01.31"]
[EventType "swiss"]
[EventRounds "5"]
[EventCountry "ENG"]
[Source "lmi"]
[SourceDate "2010.01.31"]

1. d4 d5 2. c4 c6 3. Nf3 Nf6 4. Nc3 e6 5. g3 Bb4 6. Bg2 O-O 7. O-O Nbd7 8. Qc2
Re8 9. a3 Bd6 10. e4 dxe4 11. Nxe4 Nxe4 12. Qxe4 Nf6 13. Qe2 c5 14. dxc5 Bxc5
15. Rd1 Qe7 16. b4 Bd6 17. Ne5 a5 18. c5 Bc7 19. Bb2 Nd5 20. Qg4 f6 21. Nd3 Bd7
22. Qc4 Qf7 23. b5 Rec8 24. Ne1 a4 25. Rxd5 Bxb5 26. Qa2 Bc6 27. Rdd1 Bxg2 28.
Nxg2 Ra6 29. Ne3 Rc6 30. Rac1 Bb8 31. Qc4 1-0

[Event "Gibtelecom Festival 2010 - Challenger 2"]
[Site "Gibraltar ENG"]
[Date "2010.02.01"]
[Round "2.24"]
[White "Rujan, Rodel-Marinel"]
[Black "Vea, Odin Blikra"]
[Result "0-1"]
[WhiteElo "1940"]
[BlackElo "2189"]
[PlyCount "78"]
[EventDate "2010.01.31"]
[EventType "swiss"]
[EventRounds "5"]
[EventCountry "ENG"]
[Source "lmi"]
[SourceDate "2010.01.31"]

1. c4 f5 2. Nc3 Nf6 3. g3 g6 4. Bg2 Bg7 5. b3 O-O 6. Bb2 e5 7. d3 Nc6 8. e4 d6
9. Nge2 f4 10. Nd5 Nxd5 11. cxd5 f3 12. Bxf3 Rxf3 13. Ng1 Rf7 14. dxc6 bxc6 15.
Kf1 Qf6 16. f3 Bd7 17. Kg2 Raf8 18. h4 h5 19. Qe2 Bh6 20. Bc1 Bxc1 21. Rxc1 g5
22. Qe3 Rg7 23. hxg5 Rxg5 24. Ne2 Qh6 25. Qxa7 c5 26. Qxc7 Rg7 27. Qa5 Qe3 28.
Qe1 Qxf3+ 29. Kg1 Qe3+ 30. Kg2 Rf3 31. Rf1 Bg4 32. Rc2 h4 33. Qc1 Rxg3+ 34.
Nxg3 Qxg3+ 35. Kh1 Bf3+ 36. Rxf3 Qxf3+ 37. Kh2 Qg3+ 38. Kh1 Qh3+ 39. Rh2 Qf3+
0-1

[Event "Gibtelecom Festival 2010 - Challenger 2"]
[Site "Gibraltar ENG"]
[Date "2010.02.01"]
[Round "2.25"]
[White "De Lillo, Michele"]
[Black "Kvisla, Johannes Luangtep"]
[Result "1/2-1/2"]
[WhiteElo "1934"]
[BlackElo "2161"]
[PlyCount "79"]
[EventDate "2010.01.31"]
[EventType "swiss"]
[EventRounds "5"]
[EventCountry "ENG"]
[Source "lmi"]
[SourceDate "2010.01.31"]

1. e4 e5 2. Nf3 Nc6 3. Bc4 Nf6 4. d3 Be7 5. Nc3 O-O 6. O-O d6 7. h3 a6 8. a4
Be6 9. Bg5 d5 10. Bxf6 dxc4 11. Bxe5 cxd3 12. cxd3 Nxe5 13. Nxe5 c5 14. Qc2 Qc7
15. Nc4 Rad8 16. Ne3 Qe5 17. Ned5 Bd6 18. f4 Qd4+ 19. Kh1 c4 20. dxc4 Qxc4 21.
b3 Qc5 22. Qd3 f5 23. exf5 Bxf5 24. Qc4 Qxc4 25. bxc4 Bd3 26. Rf3 Bxc4 27. Rb1
b5 28. axb5 axb5 29. f5 Be5 30. Ne7+ Kh8 31. Nc6 Rde8 32. Nxb5 Bd5 33. Nxe5
Rxe5 34. Rf2 Rb8 35. Rbb2 Rc8 36. Nd6 Rf8 37. Rfe2 Rxe2 38. Rxe2 h6 39. Rd2 Bc6
40. Kh2 1/2-1/2

[Event "Gibtelecom Festival 2010 - Challenger 2"]
[Site "Gibraltar ENG"]
[Date "2010.02.01"]
[Round "2.26"]
[White "Erdelyi, Tamas Dr"]
[Black "Tari, Aryan"]
[Result "1/2-1/2"]
[WhiteElo "2156"]
[BlackElo "1932"]
[PlyCount "63"]
[EventDate "2010.01.31"]
[EventType "swiss"]
[EventRounds "5"]
[EventCountry "ENG"]
[Source "lmi"]
[SourceDate "2010.01.31"]

1. Nf3 Nf6 2. c4 g6 3. Nc3 d5 4. d4 Bg7 5. Qb3 c6 6. Bf4 dxc4 7. Qxc4 Nbd7 8.
e4 O-O 9. Be2 Nb6 10. Qd3 Be6 11. O-O Bc4 12. Qc2 Bxe2 13. Qxe2 Nh5 14. Be3 Nf6
15. Rfd1 Qc7 16. Rac1 Ng4 17. Bg5 Rfd8 18. h3 Nf6 19. b4 h6 20. Be3 Nh5 21. e5
Bf8 22. g4 Ng7 23. Bxh6 Nd5 24. Nxd5 Rxd5 25. b5 Ne6 26. Be3 Rad8 27. bxc6 bxc6
28. Rd2 c5 29. Rdc2 Bg7 30. dxc5 Bxe5 31. Nxe5 Rxe5 32. Qf1 1/2-1/2

[Event "Gibtelecom Festival 2010 - Challenger 2"]
[Site "Gibraltar ENG"]
[Date "2010.02.01"]
[Round "2.28"]
[White "Plater, Ronald"]
[Black "Vinas Guerrero, Carlos A"]
[Result "0-1"]
[WhiteElo "1904"]
[BlackElo "2120"]
[PlyCount "34"]
[EventDate "2010.01.31"]
[EventType "swiss"]
[EventRounds "5"]
[EventCountry "ENG"]
[Source "lmi"]
[SourceDate "2010.01.31"]

1. e4 e5 2. Nf3 d6 3. d4 exd4 4. Nxd4 Nf6 5. Nc3 Be7 6. Be2 O-O 7. O-O Re8 8.
a3 h6 9. b3 Bf8 10. f3 c5 11. Nf5 Bxf5 12. exf5 d5 13. Bf4 Nc6 14. Qd3 Qd7 15.
Rfd1 d4 16. g4 dxc3 17. Qxc3 Nd4 0-1

[Event "Gibtelecom Festival 2010 - Challenger 2"]
[Site "Gibraltar ENG"]
[Date "2010.02.01"]
[Round "2.29"]
[White "Sommerhalder, Eric"]
[Black "Hagen, Anders Gjerdrum"]
[Result "1-0"]
[WhiteElo "1899"]
[BlackElo "2108"]
[PlyCount "85"]
[EventDate "2010.01.31"]
[EventType "swiss"]
[EventRounds "5"]
[EventCountry "ENG"]
[Source "lmi"]
[SourceDate "2010.01.31"]

1. e4 c5 2. Nf3 Nc6 3. d4 cxd4 4. Nxd4 Nf6 5. Nc3 d6 6. Bg5 e6 7. Qd2 a6 8.
O-O-O Bd7 9. f3 h6 10. Be3 Qc7 11. Be2 Ne5 12. h4 b5 13. g4 g6 14. Rdg1 Nc4 15.
Bxc4 Qxc4 16. Qd3 Qxd3 17. cxd3 b4 18. Nce2 e5 19. Nc2 d5 20. g5 dxe4 21. dxe4
hxg5 22. hxg5 Rxh1 23. Rxh1 Nh5 24. Bd2 Bb5 25. Rh2 Rc8 26. Kd1 a5 27. Ne3
Bxe2+ 28. Rxe2 Nf4 29. Rh2 Be7 30. Rh8+ Bf8 31. Ng4 Nd3 32. b3 Ke7 33. Nf6 Rc5
34. Be3 Rc8 35. Nh7 Nb2+ 36. Ke1 Rc3 37. Bd2 Rxf3 38. Nxf8 Rd3 39. Nxg6+ fxg6
40. Rh7+ Kd6 41. Rh6 Kc5 42. Rxg6 Rd8 43. Be3+ 1-0

[Event "Gibtelecom Festival 2010 - Challenger 2"]
[Site "Gibraltar ENG"]
[Date "2010.02.01"]
[Round "2.30"]
[White "Nwachukwu, Chino"]
[Black "Knight, Simon"]
[Result "0-1"]
[WhiteElo "1848"]
[BlackElo "2104"]
[PlyCount "86"]
[EventDate "2010.01.31"]
[EventType "swiss"]
[EventRounds "5"]
[EventCountry "ENG"]
[Source "lmi"]
[SourceDate "2010.01.31"]

1. e4 c5 2. Nf3 d6 3. d4 cxd4 4. Nxd4 Nf6 5. Nc3 a6 6. Be3 e6 7. Bd3 b5 8. O-O
Bb7 9. a3 Be7 10. Qe2 O-O 11. Rad1 Nbd7 12. f4 Rc8 13. Kh1 Re8 14. Nf3 Qc7 15.
Qf2 Ng4 16. Qg1 Nxe3 17. Qxe3 Bf6 18. e5 dxe5 19. fxe5 Nxe5 20. Ne4 Bxe4 21.
Qxe4 Nxd3 22. cxd3 Red8 23. d4 Rd5 24. h3 h6 25. Nh2 Qc2 26. Qg4 Rc4 27. Nf3
Qxb2 28. Rde1 Rc6 29. Re4 Qxa3 30. Rfe1 Qd6 31. Ne5 Bxe5 32. dxe5 Qc7 33. Qh4
Rc1 34. Rxc1 Qxc1+ 35. Kh2 Rd1 36. Qe7 Rh1+ 37. Kg3 Qg5+ 38. Qxg5 hxg5 39. Kg4
Rb1 40. Kxg5 a5 41. h4 a4 42. Kh5 a3 43. Re2 Rb2 0-1

[Event "Gibtelecom Festival 2010 - Challenger 2"]
[Site "Gibraltar ENG"]
[Date "2010.02.01"]
[Round "2.31"]
[White "Molina, Antonio"]
[Black "Lake, Andrew N"]
[Result "1-0"]
[WhiteElo "2148"]
[BlackElo "1840"]
[PlyCount "109"]
[EventDate "2010.01.31"]
[EventType "swiss"]
[EventRounds "5"]
[EventCountry "ENG"]
[Source "lmi"]
[SourceDate "2010.01.31"]

1. d4 Nf6 2. c4 b6 3. Nc3 Bb7 4. f3 e6 5. Bg5 Be7 6. Nh3 d6 7. e3 h6 8. Bh4
Nbd7 9. Bd3 a6 10. O-O c5 11. Rc1 Qc7 12. a3 Rd8 13. Qe2 Nf8 14. Bg3 Nh5 15.
Bf2 g6 16. f4 Ng7 17. d5 Bc8 18. e4 Bd7 19. Rce1 Nh7 20. Be3 O-O 21. Nf2 Bf6
22. Ng4 Bd4 23. Nxh6+ Kh8 24. g4 Qc8 25. h3 Rde8 26. Qf2 Bxe3 27. Rxe3 Qd8 28.
Rf3 e5 29. Kg2 f5 30. fxe5 dxe5 31. h4 f4 32. Kh2 Nf6 33. Rg1 Qc8 34. Qg2 Rd8
35. Bf1 Be8 36. Qc2 Rd6 37. Bh3 Bd7 38. Qg2 Ng8 39. Nxg8 Kxg8 40. g5 Nh5 41.
Ne2 Rf7 42. Bxd7 Qxd7 43. b3 Kf8 44. Qh3 Qxh3+ 45. Kxh3 Ke8 46. Kg4 Rd8 47. b4
Rb7 48. Rb3 cxb4 49. axb4 Rc8 50. Rc1 Kd7 51. Rbc3 Rbc7 52. c5 b5 53. Ra3 Ra8
54. Rca1 Rca7 55. Nc3 1-0

[Event "Gibtelecom Festival 2010 - Challenger 2"]
[Site "Gibraltar ENG"]
[Date "2010.02.01"]
[Round "2.32"]
[White "Straub, Peter"]
[Black "Wright, Jonathan"]
[Result "1-0"]
[WhiteElo "2116"]
[BlackElo "1808"]
[PlyCount "75"]
[EventDate "2010.01.31"]
[EventType "swiss"]
[EventRounds "5"]
[EventCountry "ENG"]
[Source "lmi"]
[SourceDate "2010.01.31"]

1. d4 Nf6 2. Nf3 g6 3. c4 c5 4. g3 cxd4 5. Nxd4 Nc6 6. Bg2 Bg7 7. Nc2 O-O 8.
O-O d6 9. e4 Be6 10. Ne3 Ne5 11. Na3 Rc8 12. b3 Qb6 13. h3 Rfd8 14. Bb2 a6 15.
Qe2 Qc5 16. Rfd1 Nc6 17. Nd5 Rb8 18. Kh2 Kf8 19. Rac1 Ne8 20. Bxg7+ Nxg7 21.
Nc2 Rdc8 22. b4 Qa7 23. a4 Ne5 24. Nce3 b6 25. f4 Nc6 26. b5 Na5 27. Qd3 Rc5
28. f5 Bxd5 29. Nxd5 Rbc8 30. f6 Ne8 31. fxe7+ Kg8 32. Rf1 Nxc4 33. Rxf7 Ne5
34. Rf8+ Kg7 35. Qf1 Rxc1 36. Rg8+ Kh6 37. Qf4+ g5 38. Qxg5# 1-0

[Event "Gibtelecom Festival 2010 - Challenger 2"]
[Site "Gibraltar ENG"]
[Date "2010.02.01"]
[Round "2.33"]
[White "Young, Mel J"]
[Black "Ungureanu, Sandu"]
[Result "0-1"]
[WhiteElo "1971"]
[BlackElo "2094"]
[PlyCount "134"]
[EventDate "2010.01.31"]
[EventType "swiss"]
[EventRounds "5"]
[EventCountry "ENG"]
[Source "lmi"]
[SourceDate "2010.01.31"]

1. e4 e6 2. d4 d5 3. e5 c5 4. c3 Nc6 5. Nf3 Qb6 6. Be2 Nge7 7. O-O cxd4 8. cxd4
Nf5 9. Nc3 Nfxd4 10. Nxd4 Qxd4 11. Qxd4 Nxd4 12. Bd3 Bb4 13. Bd2 O-O 14. f4 g6
15. Rac1 Bd7 16. Be3 Bxc3 17. Rxc3 Nc6 18. Bc5 Rfc8 19. Bd6 Nd4 20. Rfc1 Rxc3
21. Rxc3 Bb5 22. Bc5 Bxd3 23. Bxd4 Bb5 24. Kf2 Bc6 25. Ke3 Kg7 26. Kf2 h5 27.
h4 Kf8 28. Ke3 Ke7 29. Kd2 Kd7 30. Ke3 a5 31. a3 b5 32. Bc5 d4+ 33. Kxd4 Bxg2
34. Bd6 Ra7 35. Kc5 Rb7 36. b4 a4 37. Kd4 Bf1 38. Bc5 Kc6 39. Bf8+ Bc4 40. Rg3
Rd7+ 41. Bd6 Rd8 42. Rg1 Rd7 43. Rg3 f6 44. Rxg6 fxe5+ 45. fxe5 Rf7 46. Ke3 Rf1
47. Rg8 Re1+ 48. Kd4 Rd1+ 49. Ke4 Rd3 50. Rf8 Kb7 51. Rf7+ Kb6 52. Rh7 Rxa3 53.
Bc5+ Kc6 54. Rxh5 Rh3 55. Bf2 a3 56. Rg5 a2 57. Rg1 Bd3+ 58. Kf4 Bb1 59. Bd4
Rxh4+ 60. Rg4 Rxg4+ 61. Kxg4 Kd5 62. Ba1 Ke4 63. Bb2 Bc2 64. Kg3 Ke3 65. Kg2
Be4+ 66. Kf1 Kd3 67. Ba1 Kc2 0-1

[Event "Gibtelecom Festival 2010 - Challenger 2"]
[Site "Gibraltar ENG"]
[Date "2010.02.01"]
[Round "2.34"]
[White "Gravett, Alan D"]
[Black "Flores Chico, Jorge"]
[Result "1/2-1/2"]
[WhiteElo "1926"]
[BlackElo "2052"]
[PlyCount "48"]
[EventDate "2010.01.31"]
[EventType "swiss"]
[EventRounds "5"]
[EventCountry "ENG"]
[Source "lmi"]
[SourceDate "2010.01.31"]

1. d4 Nf6 2. Nf3 c5 3. e3 e6 4. Bd3 d5 5. c3 Nc6 6. dxc5 Bxc5 7. O-O e5 8. Be2
e4 9. Nd4 Bd6 10. Nd2 h5 11. f3 Nxd4 12. cxd4 Ng4 13. fxg4 hxg4 14. g3 Rxh2 15.
Rf2 Bxg3 16. Rxh2 Bxh2+ 17. Kxh2 Qh4+ 18. Kg2 Qh3+ 19. Kg1 Qxe3+ 20. Kg2 Qh3+
21. Kg1 Qg3+ 22. Kf1 Qh3+ 23. Kg1 Qg3+ 24. Kh1 Qh3+ 1/2-1/2

[Event "Gibtelecom Festival 2010 - Challenger 2"]
[Site "Gibraltar ENG"]
[Date "2010.02.01"]
[Round "2.35"]
[White "Obiamiwe, Paul"]
[Black "McBeth, Michael J"]
[Result "1/2-1/2"]
[WhiteElo "2046"]
[BlackElo "2011"]
[PlyCount "116"]
[EventDate "2010.01.31"]
[EventType "swiss"]
[EventRounds "5"]
[EventCountry "ENG"]
[Source "lmi"]
[SourceDate "2010.01.31"]

1. e4 e5 2. Nf3 Nc6 3. Bb5 a6 4. Ba4 Nf6 5. O-O Nxe4 6. d4 b5 7. Bb3 d5 8. dxe5
Be6 9. Nbd2 Bc5 10. Qe2 Nxd2 11. Bxd2 Nd4 12. Nxd4 Bxd4 13. c3 Bb6 14. a4 c6
15. Be3 O-O 16. Bc2 Bxe3 17. Qxe3 Qd7 18. Qg5 f5 19. f4 b4 20. Qg3 Rab8 21. Qe3
Qe7 22. Bd3 a5 23. Rfc1 c5 24. Bb5 c4 25. Qd4 b3 26. Rd1 Qc7 27. Rd2 Rb6 28.
Rad1 g6 29. Qf2 Kg7 30. Qd4 Kg8 31. Re1 Rbb8 32. Red1 Rf7 33. Qf2 Rg7 34. Kh1
Rd8 35. Rd4 Rb8 36. R4d2 Rd8 37. Qd4 Rb8 38. Kg1 Kh8 39. Qe3 Kg8 40. Qf2 Kh8
41. Qh4 Rf7 42. Qf2 Rg7 43. Rxd5 Bxd5 44. Rxd5 Rd8 45. Qd4 Rxd5 46. Qxd5 Qa7+
47. Kf1 Qe3 48. g3 Qc1+ 49. Kg2 Qxb2+ 50. Kh3 Qxc3 51. Bxc4 h6 52. Bxb3 Qe1 53.
Qc4 Kh7 54. Qd3 Qb4 55. Qd5 Qe1 56. Qd3 Qb4 57. Qd5 Qe1 58. Qd3 Qb4 1/2-1/2

[Event "Gibtelecom Festival 2010 - Challenger 2"]
[Site "Gibraltar ENG"]
[Date "2010.02.01"]
[Round "2.36"]
[White "Carr, Chris"]
[Black "Cafolla, Peter"]
[Result "1-0"]
[WhiteElo "1864"]
[BlackElo "2042"]
[PlyCount "123"]
[EventDate "2010.01.31"]
[EventType "swiss"]
[EventRounds "5"]
[EventCountry "ENG"]
[Source "lmi"]
[SourceDate "2010.01.31"]

1. c4 e6 2. Nc3 d5 3. d4 c5 4. cxd5 exd5 5. Nf3 Nc6 6. e3 Nf6 7. a3 a6 8. Be2
c4 9. O-O Be7 10. Qc2 b5 11. Bd2 O-O 12. Rad1 Bb7 13. h3 Qb6 14. Na2 a5 15. Ra1
b4 16. Qc1 Ba6 17. Re1 Ne4 18. a4 Rac8 19. Qd1 f5 20. Rb1 Bd6 21. Bf1 Rc7 22.
Bc1 Rcf7 23. Ne5 Re7 24. f4 g6 25. Be2 Rd8 26. Bf3 Bb8 27. g4 Bc8 28. g5 Bd7
29. Ra1 Be8 30. h4 Nxe5 31. fxe5 Qc6 32. Kh2 Qe6 33. Bxe4 fxe4 34. Rf1 Bd7 35.
Rf4 Qh3+ 36. Kg1 Qg3+ 37. Kh1 Rf8 38. Qg1 Qh3+ 39. Qh2 Qxh2+ 40. Kxh2 Rxf4 41.
exf4 Kf7 42. Be3 Re8 43. Nc1 Bg4 44. Kg3 Bd1 45. Kf2 Rd8 46. Ne2 Bc2 47. Rc1
Bb3 48. Ng3 Bc7 49. h5 Bxa4 50. Rh1 Kg7 51. f5 Be8 52. f6+ Kf7 53. hxg6+ Kxg6
54. Rh6+ Kf7 55. Nf5 Bxe5 56. dxe5 Ke6 57. Ng7+ Kxe5 58. Nxe8 Rxe8 59. Rxh7 d4
60. Re7+ Rxe7 61. fxe7 dxe3+ 62. Kxe3 1-0

[Event "Gibtelecom Festival 2010 - Challenger 2"]
[Site "Gibraltar ENG"]
[Date "2010.02.01"]
[Round "2.37"]
[White "Bryn, Askild"]
[Black "Murray, J Stephen"]
[Result "1-0"]
[WhiteElo "2036"]
[BlackElo "1927"]
[PlyCount "31"]
[EventDate "2010.01.31"]
[EventType "swiss"]
[EventRounds "5"]
[EventCountry "ENG"]
[Source "lmi"]
[SourceDate "2010.01.31"]

1. e4 c5 2. Nc3 d6 3. f4 g6 4. Nf3 Bg7 5. Bc4 Nc6 6. d3 e6 7. f5 exf5 8. O-O
Nge7 9. Qe1 Nd4 10. Qh4 Nec6 11. Bg5 Nxf3+ 12. Rxf3 f6 13. Bh6 Kf8 14. Rh3 Qe7
15. Nd5 g5 16. Qh5 1-0

[Event "Gibtelecom Festival 2010 - Challenger 2"]
[Site "Gibraltar ENG"]
[Date "2010.02.01"]
[Round "2.38"]
[White "Pendlebury, Ian G"]
[Black "Chidi, Lovinia Sylvia"]
[Result "1-0"]
[WhiteElo "2091"]
[BlackElo "1832"]
[PlyCount "87"]
[EventDate "2010.01.31"]
[EventType "swiss"]
[EventRounds "5"]
[EventCountry "ENG"]
[Source "lmi"]
[SourceDate "2010.01.31"]

1. d4 d5 2. Nf3 Nf6 3. c3 e6 4. Bg5 Be7 5. Nbd2 Nbd7 6. e3 h6 7. Bf4 c5 8. Bd3
a6 9. Ne5 Nxe5 10. dxe5 Nd7 11. Bg3 Bh4 12. f4 Bxg3+ 13. hxg3 c4 14. Bc2 Qb6
15. O-O Qxe3+ 16. Kh2 h5 17. Nf3 Qb6 18. b3 Qc7 19. b4 b6 20. Kg1 g6 21. Ng5
Nf8 22. Rb1 b5 23. Nf3 Bd7 24. Nd4 h4 25. Qg4 hxg3 26. Qxg3 O-O-O 27. a4 g5 28.
fxg5 bxa4 29. Rxf7 Qb6 30. g6 Nxg6 31. Bxg6 Rdg8 32. Rf6 a5 33. Qf2 Rh6 34. Bf7
Rgh8 35. Rxh6 Rxh6 36. Qf4 Rh8 37. Qf6 Rd8 38. Bg6 a3 39. Qf2 Rg8 40. Bh5 a4
41. Ra1 Qd8 42. Qf6 Rf8 43. Qxd8+ Kxd8 44. Rxa3 1-0

[Event "Gibtelecom Festival 2010 - Challenger 2"]
[Site "Gibraltar ENG"]
[Date "2010.02.01"]
[Round "2.39"]
[White "Jameson, David"]
[Black "Steinskog, Asbjorn Ottesen"]
[Result "1-0"]
[WhiteElo "2053"]
[BlackElo "1884"]
[PlyCount "75"]
[EventDate "2010.01.31"]
[EventType "swiss"]
[EventRounds "5"]
[EventCountry "ENG"]
[Source "lmi"]
[SourceDate "2010.01.31"]

1. c4 Nf6 2. Nc3 e6 3. g3 d5 4. e3 c6 5. b3 Bd6 6. d4 O-O 7. Bg2 b6 8. Nf3 Bb7
9. O-O Nbd7 10. Bb2 Re8 11. Qd2 e5 12. cxd5 cxd5 13. dxe5 Nxe5 14. Rfd1 Nxf3+
15. Bxf3 Bb4 16. Qd4 Bxc3 17. Bxc3 Qe7 18. Rd2 Red8 19. Rad1 Rd7 20. Qh4 Rad8
21. Bxf6 Qxf6 22. Qxf6 gxf6 23. Rd4 Rc7 24. R1d2 Rc1+ 25. Kg2 Ba6 26. Bxd5 Rxd5
27. Rxd5 Bb7 28. e4 Bxd5 29. exd5 Kf8 30. Kf3 Ke7 31. Kf4 Re1 32. Kg4 b5 33. f4
Re4 34. Kf5 Re3 35. d6+ Kd7 36. Kxf6 Re1 37. Kxf7 Re8 38. f5 1-0

[Event "Gibtelecom Festival 2010 - Challenger 2"]
[Site "Gibraltar ENG"]
[Date "2010.02.01"]
[Round "2.40"]
[White "Odeh, Kenneth"]
[Black "Bishop, Geoffrey L"]
[Result "1-0"]
[WhiteElo "2012"]
[BlackElo "1851"]
[PlyCount "37"]
[EventDate "2010.01.31"]
[EventType "swiss"]
[EventRounds "5"]
[EventCountry "ENG"]
[Source "lmi"]
[SourceDate "2010.01.31"]

1. e4 Nf6 2. e5 Nd5 3. d4 d6 4. Bc4 Nb6 5. Bb3 dxe5 6. Qh5 e6 7. dxe5 Nc6 8.
Nf3 Na5 9. O-O g6 10. Qh3 Nxb3 11. axb3 Bg7 12. Nc3 f6 13. Rd1 Nd7 14. Qxe6+
Qe7 15. Qxe7+ Kxe7 16. Nd5+ Kf7 17. e6+ Kf8 18. exd7 Bxd7 19. Nxc7 1-0

[Event "Gibtelecom Festival 2010 - Challenger 2"]
[Site "Gibraltar ENG"]
[Date "2010.02.01"]
[Round "2.41"]
[White "Perez Reisler, Jose"]
[Black "Livesey, Nigel"]
[Result "0-1"]
[WhiteElo "2001"]
[BlackElo "1894"]
[PlyCount "46"]
[EventDate "2010.01.31"]
[EventType "swiss"]
[EventRounds "5"]
[EventCountry "ENG"]
[Source "lmi"]
[SourceDate "2010.01.31"]

1. e4 Nf6 2. d3 e5 3. g3 Nc6 4. Bg2 Bc5 5. Ne2 d6 6. h3 Bd7 7. O-O O-O 8. Nd2
a6 9. Nb3 Ba7 10. c3 Re8 11. Kh2 Bc8 12. f4 d5 13. fxe5 Nxe5 14. d4 Nc4 15. e5
Ne4 16. Qc2 f5 17. exf6 Nxf6 18. Bg5 Ng4+ 19. hxg4 Qxg5 20. Rf5 Bxf5 21. gxf5
Qh5+ 22. Kg1 Rxe2 23. Qd3 Ne3 0-1

[Event "Gibtelecom Festival 2010 - Challenger 2"]
[Site "Gibraltar ENG"]
[Date "2010.02.01"]
[Round "2.42"]
[White "Kelly, Paul J"]
[Black "Horrocks, Stephen J"]
[Result "0-1"]
[WhiteElo "1880"]
[BlackElo "1992"]
[PlyCount "100"]
[EventDate "2010.01.31"]
[EventType "swiss"]
[EventRounds "5"]
[EventCountry "ENG"]
[Source "lmi"]
[SourceDate "2010.01.31"]

1. e4 c6 2. d4 d5 3. e5 c5 4. c3 Nc6 5. Be3 cxd4 6. cxd4 Bf5 7. Nc3 e6 8. g4
Bg6 9. h4 h5 10. g5 Bb4 11. Bd3 Bxd3 12. Qxd3 g6 13. Nge2 Nge7 14. Kf1 Bxc3 15.
Nxc3 a6 16. Kg2 b5 17. Kh3 Qb6 18. Rhd1 Kd7 19. Ne2 Rhc8 20. Rdc1 Rc7 21. Qd2
Rac8 22. Rc3 Na5 23. Rxc7+ Rxc7 24. b3 Nb7 25. Rc1 Rxc1 26. Qxc1 Qa5 27. Nc3
Nf5 28. Qd2 b4 29. Na4 Qb5 30. Qc1 Qc6 31. Qd2 a5 32. Qe2 Ne7 33. Qd3 Nc8 34.
Qe2 Na7 35. Nb2 Qb5 36. Qd1 Nc8 37. Nd3 Ne7 38. f3 Nf5 39. Bf2 Qc6 40. Kg2 Qc3
41. Nf4 Qb2 42. Qd3 Nxh4+ 43. Kg3 Nf5+ 44. Kg2 Kc6 45. Qa6+ Kc7 46. Nxe6+ fxe6
47. Qxe6 Qe2 48. Qf7+ Kb8 49. Qg8+ Ka7 50. Qxd5 Ne3+ 0-1

[Event "Gibtelecom Festival 2010 - Challenger 2"]
[Site "Gibraltar ENG"]
[Date "2010.02.01"]
[Round "2.43"]
[White "Loerke, Reinhard"]
[Black "Wiltshire, Michael R"]
[Result "0-1"]
[WhiteElo "1981"]
[BlackElo "1816"]
[PlyCount "74"]
[EventDate "2010.01.31"]
[EventType "swiss"]
[EventRounds "5"]
[EventCountry "ENG"]
[Source "lmi"]
[SourceDate "2010.01.31"]

1. e4 b6 2. d4 Bb7 3. Nc3 g6 4. Bc4 e6 5. d5 Bg7 6. Bd2 Nf6 7. Nf3 O-O 8. O-O
h6 9. Qe2 Qc8 10. b4 d6 11. Rad1 e5 12. h3 Nbd7 13. Nh4 Kh7 14. Bd3 Qd8 15. f4
Nh5 16. Qf2 Bf6 17. g3 exf4 18. gxf4 Bxh4 19. Qf3 Bg3 20. e5 Qh4 21. Kg2 dxe5
22. f5 Ndf6 23. fxg6+ fxg6 24. Qe3 Nf4+ 25. Rxf4 Bxf4 26. Bxg6+ Kxg6 27. Qd3+
Kf7 28. Be1 Qg5+ 29. Kf1 Rad8 30. Bf2 Kg7 31. Qc4 Rd7 32. Ke2 Qh5+ 33. Ke1 Qxh3
34. Rd3 Qh1+ 35. Ke2 Rfd8 36. Rf3 Nxd5 37. Ne4 Nc3+ 0-1

[Event "Gibtelecom Festival 2010 - Challenger 2"]
[Site "Gibraltar ENG"]
[Date "2010.02.01"]
[Round "2.44"]
[White "Rough, Robert E"]
[Black "Dennis, Nigel W"]
[Result "1/2-1/2"]
[WhiteElo "1811"]
[BlackElo "1957"]
[PlyCount "57"]
[EventDate "2010.01.31"]
[EventType "swiss"]
[EventRounds "5"]
[EventCountry "ENG"]
[Source "lmi"]
[SourceDate "2010.01.31"]

1. d4 Nf6 2. Nc3 g6 3. e4 d6 4. Be2 Bg7 5. Be3 O-O 6. h4 h5 7. Nh3 e5 8. dxe5
dxe5 9. Qxd8 Rxd8 10. Rd1 Rxd1+ 11. Bxd1 Bxh3 12. Rxh3 c6 13. Be2 Nbd7 14. a4
Nf8 15. Bc4 a6 16. b4 b5 17. axb5 axb5 18. Bb3 Ng4 19. Rf3 Bf6 20. Bg5 Kg7 21.
Bxf6+ Nxf6 22. Rd3 Ra1+ 23. Ke2 Ne6 24. Bxe6 fxe6 25. f3 Rc1 26. Rd2 Kf7 27.
Kd3 Ke7 28. Rd1 Rxd1+ 29. Nxd1 1/2-1/2

[Event "Gibtelecom Festival 2010 - Challenger 2"]
[Site "Gibraltar ENG"]
[Date "2010.02.01"]
[Round "2.45"]
[White "Jacobsen, Fredrik Beer"]
[Black "Savage, Neil"]
[Result "1-0"]
[WhiteElo "1952"]
[BlackElo "1755"]
[PlyCount "71"]
[EventDate "2010.01.31"]
[EventType "swiss"]
[EventRounds "5"]
[EventCountry "ENG"]
[Source "lmi"]
[SourceDate "2010.01.31"]

1. e4 c5 2. Nc3 Nc6 3. Bb5 Nd4 4. Bc4 d6 5. Nf3 Nf6 6. d3 a6 7. Nxd4 cxd4 8.
Ne2 b5 9. Bb3 e5 10. Bg5 Be7 11. O-O Bb7 12. f4 O-O 13. Ng3 Nd7 14. Bxe7 Qxe7
15. Nf5 Qf6 16. fxe5 dxe5 17. Kh1 Qd8 18. Qg4 g6 19. Nh6+ Kg7 20. Nxf7 Qe7 21.
Qh3 Nc5 22. Qh6+ Kg8 23. Rf2 Nxb3 24. Raf1 Nd2 25. Qxd2 Rxf7 26. Rxf7 Qxf7 27.
Rxf7 Kxf7 28. Qa5 Re8 29. a4 Kg8 30. axb5 Ra8 31. bxa6 Rxa6 32. Qd8+ Kg7 33.
Qe7+ Kh6 34. h4 Ba8 35. g4 Ra2 36. Qf8# 1-0

[Event "Gibtelecom Festival 2010 - Challenger 2"]
[Site "Gibraltar ENG"]
[Date "2010.02.01"]
[Round "2.46"]
[White "Mathon, Dimitrij"]
[Black "Skage, Oystein Aagedal"]
[Result "0-1"]
[WhiteElo "1780"]
[BlackElo "1935"]
[PlyCount "60"]
[EventDate "2010.01.31"]
[EventType "swiss"]
[EventRounds "5"]
[EventCountry "ENG"]
[Source "lmi"]
[SourceDate "2010.01.31"]

1. d4 Nf6 2. Nf3 g6 3. Bf4 d6 4. e3 Bg7 5. c3 O-O 6. Be2 Bg4 7. h3 Bxf3 8. Bxf3
c6 9. O-O Nbd7 10. Nd2 Qa5 11. Nc4 Qa6 12. Nd2 e5 13. Bg3 Rfe8 14. Be2 Qb6 15.
Nc4 Qc7 16. dxe5 dxe5 17. Qc1 Ne4 18. Bh2 b5 19. Nd2 Nec5 20. Qc2 f5 21. e4 f4
22. c4 b4 23. Nb3 a5 24. Rfd1 Bf8 25. Bg4 Nf6 26. Nxc5 Bxc5 27. Kf1 Nxg4 28.
hxg4 Qe7 29. Bg1 Qh4 30. f3 Qh1 0-1

[Event "Gibtelecom Festival 2010 - Challenger 2"]
[Site "Gibraltar ENG"]
[Date "2010.02.01"]
[Round "2.47"]
[White "Hansen, Erle Andrea Marki"]
[Black "Grant, David"]
[Result "0-1"]
[WhiteElo "1699"]
[BlackElo "1913"]
[PlyCount "66"]
[EventDate "2010.01.31"]
[EventType "swiss"]
[EventRounds "5"]
[EventCountry "ENG"]
[Source "lmi"]
[SourceDate "2010.01.31"]

1. e4 g6 2. d4 Bg7 3. Nc3 d6 4. Bc4 Nf6 5. Qe2 O-O 6. Nf3 c6 7. Bg5 Bg4 8. h3
Bxf3 9. Qxf3 Nfd7 10. Ne2 c5 11. c3 Nc6 12. Rd1 Nce5 13. dxe5 Nxe5 14. Bxf7+
Rxf7 15. Qe3 Qa5 16. a3 Qb5 17. O-O Qb3 18. Rb1 Raf8 19. Bh6 Bxh6 20. Qxh6 Qc2
21. Nd4 cxd4 22. f4 dxc3 23. bxc3 Qxc3 24. Rxb7 Qxa3 25. f5 Qd3 26. f6 Qa6 27.
Rfb1 exf6 28. Rb8 Qc4 29. R1b7 Qc5+ 30. Kh1 d5 31. exd5 Rxb8 32. Rxb8+ Rf8 33.
Rb7 Nf7 0-1